| 000 | 00936nam a2200217Ii 4500 | ||
|---|---|---|---|
| 003 | JO-AjNU | ||
| 008 | 230605s9999||||xx |||||||||||||| ||und|| | ||
| 017 | _a30690 | ||
| 040 |
_aJO-AjNU _bara _erda _cJO-AjNU |
||
| 041 | _aara | ||
| 050 | 1 | 4 | _aKMJ492.N3354.1984 |
| 100 | 3 |
_aالناهي، صلاح الدين عبد اللطيف , _eauthor _939361 |
|
| 245 | 0 | 0 | _aالوجيز الوافي في القوانين المرعية في الجمهورية العراقية والمملكة الأردنية الهاشمية والكويت |
| 250 | _a(د،ط) | ||
| 264 | 3 | 1 | _aعمان : د ، ن ، 1984 |
| 300 | _a280ص | ||
| 336 |
_atext _btxt _2rdacontent |
||
| 337 |
_aunmediated _bn _2rdamedia |
||
| 338 |
_avolume _bnc _2rdacarrier |
||
| 650 | 4 |
_aالعقود (فقه إسلامي) -- القانون المدني -- العراق -- القانون المدني -- الأردن -- القانون المدني -- الكويت _939362 |
|
| 999 |
_aA16617 _c20185 _d20185 |
||